Multiple-Choice-Stadtquiz Darmstadt - Statistiken

Allgemein
  • Dieses Quiz wurde 913 mal gespielt
  • Das Durchschnittsergebnis liegt bei 7 aus 10
Antwortstatistiken
Frage Antwort % Korrekt
In welchem Bundesland liegt Darmstadt? Hessen
96%
Der bekannte Fußballverein der Stadt heißt ... SV Darmstadt 98
89%
Darmstadt ist der Verwaltungssitz eines ... Regierungsbezirks
82%
Welche amtliche Zusatzbezeichnung trägt Darmstadt? Wissenschaftsstadt
79%
Welches dieser Unternehmen hat seinen Sitz in Darmstadt? Merck KGaA
72%
Welche dieser Autobahnen verläuft nahe Darmstadt? A 5
71%
Welche dieser UNESCO-Welterbestätten befindet sich in Darmstadt? Künstlerkolonie Mathildenhöhe
63%
Wie heißt der zentrale Platz der Stadt, auf dem das Ludwigsmonument steht? Luisenplatz
61%
In Darmstadt befindet sich der Hauptsitz des ... Europäischen Raumflugkontrollzentrums
52%
Welchen dieser Titel hält Darmstadt mit seinem Namen nicht? Größte deutsche Stadt mit dem Anfangsbuchstaben D
45%
Keine übereinstimmenden Quizze gefunden
Verteilung der Resultate
Anzahl Personen mit jedem Resultat
Perzentil nach korrekt beantworteten Fragen
Ihre Resultats-Entwicklung
Sie haben dieses Quiz noch nicht gespielt